00680 2200241 4500001002100000005001700021008004100038035002500079040001200104082002000116084002000136090002000156100002100176245007400197250001100271260003100282300002800313500003100341650002100372700001200393850001200405990002100417INLIS00000000000117920141211142042.0  a0010-121400000000261 aYOPDYOG aDEP 922.1 Tya N aDEP 922.1 Tya N aDEP 922.1 Tya N aTYAS BUDI LEGOWO aNouwen:bdari kuasa ke belarasac/ Tyas Budi Legowo ; editor, Sinubyo aCet. 1 aYogyakartabKanisiusc2013 a176 hlm. ; 19 cmc19 cm aBibliografi : hlm. 170-175 aBiografi Kristen aSinubyo aYOPDYOG aCB-D.112013-1221